Irrigation and agricultural development (Record no. 6034)

MARC details
000 -LEADER
fixed length control field 00425nam a2200157Ia 4500
008 - FIXED-LENGTH DATA ELEMENTS--GENERAL INFORMATION
fixed length control field 140316s9999 xx 000 0 und d
020 ## - INTERNATIONAL STANDARD BOOK NUMBER
International Standard Book Number 81 7018 967 5
082 ## - DEWEY DECIMAL CLASSIFICATION NUMBER
Classification number 631.587
Item number SYE/IR
100 ## - MAIN ENTRY--PERSONAL NAME
Personal name Syed Farooque Azam,
245 ## - TITLE STATEMENT
Title Irrigation and agricultural development
260 ## - PUBLICATION, DISTRIBUTION, ETC. (IMPRINT)
Place of publication, distribution, etc. New Delhi
Name of publisher, distributor, etc. B R publishing corporation
Date of publication, distribution, etc. 1998
300 ## - PHYSICAL DESCRIPTION
Extent 234
650 ## - SUBJECT ADDED ENTRY--TOPICAL TERM
Topical term or geographic name as entry element Crops
650 ## - SUBJECT ADDED ENTRY--TOPICAL TERM
Topical term or geographic name as entry element fertilizer consumption
942 ## - ADDED ENTRY ELEMENTS (KOHA)
Source of classification or shelving scheme Dewey Decimal Classification
Koha item type Books (General)
Holdings
Withdrawn status Lost status Source of classification or shelving scheme Damaged status Not for loan Home library Current library Shelving location Date acquired Total Checkouts Full call number Barcode Date last seen Price effective from Koha item type
    Dewey Decimal Classification     KAU Central Library, Thrissur KAU Central Library, Thrissur General 18/03/2014   631.587 SYE/IR 213232 18/03/2014 18/03/2014 Books (General)
Kerala Agricultural University Central Library
Thrissur-(Dt.), Kerala Pin:- 680656, India
Ph : (+91)(487) 2372219
E-mail: librarian@kau.in
Website: http://library.kau.in/